00253nam a2200085Ia 4500008004100000100001600041245007400057260002800131300000800159201216s9999 xx 000 0 und d aSoergel, D. 0aOrganising Information: principles of data base and retrieval systems aOrlandobAcademic Press a450